00336 2200145 4500001002100000005001500021035002000036245003900056100001800095300001200113260003100125082000800156084001400164990001200178INLIS00000000000198720250527082526 a0010-05250002791 aKimia SMU Kelas 2 /cMichael Purba0 aMichael Purba a193 hlm aJakarta :bErlangga,c2000 a540 a540 MIC k a0712737